[Event "4th Al Ain Chess Classic"]
[Site "Al-Ain UAE"]
[Date "2015.12.25"]
[Round "3.17"]
[White "Babujian, Levon"]
[Black "Volkov, Sergey"]
[Result "1/2-1/2"]
[WhiteTitle "GM"]
[BlackTitle "GM"]
[WhiteElo "2465"]
[BlackElo "2612"]
[WhiteFideId "13301993"]
[BlackFideId "4122763"]
[EventDate "2015.12.23"]

1. Nf3 d5 2. g3 c5 3. Bg2 g6 4. O-O Bg7 5. d4 cxd4 6. Nxd4 e5 7. Nb3 Ne7 8. c4
d4 9. e3 O-O 10. exd4 exd4 11. Re1 Nbc6 12. Na3 a5 13. Bf4 d3 14. Nb5 a4 15. Bc7
Qd7 16. Nc5 Qf5 17. Nxd3 a3 18. Be4 axb2 19. Rb1 Qg4 20. a3 Qxd1 21. Rexd1 Bf5
22. Bxf5 Nxf5 23. Nxb2 Ncd4 24. Bb6 Nxb5 25. cxb5 Rfc8 26. Rd3 Rc2 27. Nd1 Ra2
28. Bc5 Bf8 29. Nc3 Rc2 30. Bxf8 Kxf8 31. Ne4 Re8 32. Rb4 h5 33. h4 b6 34. a4
Kg7 35. Rd7 Re6 36. Kf1 Nh6 37. Rd6 Rxd6 38. Nxd6 Ng4 39. Rf4 Ne5 40. Rd4 f5 41.
f4 Nf3 42. Rd3 Nd2+ 43. Ke1 Ne4 44. Nxe4 fxe4 45. Rd4 Rg2 46. Rxe4 Rxg3 47. Re7+
Kf8 48. Ra7 Ke8 49. Ke2 Rg4 50. Ke3 Rxh4 51. Rg7 Rh3+ 52. Ke4 Ra3 53. Rxg6 Rxa4+
54. Ke5 h4 55. Rxb6 h3 56. Rh6 Rb4 57. Rxh3 Rxb5+ 58. Kf6 Rb6+ 59. Kg7 Rb7+ 60.
Kg8 Rb4 61. Rf3 Ra4 62. Rf2 Rb4 63. Rf1 Ra4 64. Kg7 Ke7 65. Kg6 Ra6+ 66. Kf5
Rf6+ 67. Kg4 Rg6+ 68. Kf3 Ra6 69. Rc1 Kf6 70. Ke4 Ra4+ 1/2-1/2

[Event "4th Al Ain Chess Classic"]
[Site "Al-Ain UAE"]
[Date "2015.12.25"]
[Round "3.18"]
[White "Petrosyan, Tigran S."]
[Black "Iordachescu, Viorel"]
[Result "1/2-1/2"]
[WhiteTitle "IM"]
[BlackTitle "GM"]
[WhiteElo "2469"]
[BlackElo "2600"]
[WhiteFideId "13303678"]
[BlackFideId "13900200"]
[EventDate "2015.12.23"]

1. Nf3 Nf6 2. c4 g6 3. Nc3 Bg7 4. d4 O-O 5. g3 d6 6. Bg2 Nbd7 7. O-O e5 8. e4
Re8 9. h3 exd4 10. Nxd4 a6 11. Be3 Rb8 12. b3 c5 13. Nde2 b5 14. Qxd6 b4 15. e5
Nh5 16. f4 bxc3 17. g4 Nxf4 18. Bxf4 c2 19. Rac1 Bb7 20. Rxc2 Bxg2 21. Kxg2 Nxe5
22. Qxd8 Rbxd8 23. Nc3 Nd3 24. Bg5 Nb4 25. Rcc1 Rd3 26. Nd5 Nxd5 27. cxd5 Rxd5
28. Bf4 f5 29. Rfe1 Rxe1 30. Rxe1 Kf7 31. gxf5 Rxf5 32. Re4 Bd4 33. Be3 Rd5 34.
Bxd4 cxd4 35. Kf2 d3 36. Ke1 d2+ 37. Kd1 g5 38. h4 gxh4 39. Rxh4 h5 40. Rh2 Kf6
41. b4 Kg5 42. Rxd2 Rb5 43. a3 h4 44. Ke1 Kg4 45. Kf1 Rf5+ 1/2-1/2

[Event "4th Al Ain Chess Classic"]
[Site "Al-Ain UAE"]
[Date "2015.12.25"]
[Round "3.19"]
[White "Adly, Ahmed"]
[Black "Hossain, Enamul"]
[Result "1-0"]
[WhiteTitle "GM"]
[BlackTitle "GM"]
[WhiteElo "2598"]
[BlackElo "2450"]
[WhiteFideId "10601619"]
[BlackFideId "10200649"]
[EventDate "2015.12.23"]

1. Nf3 c5 2. g3 d5 3. Bg2 Nf6 4. O-O e6 5. d4 cxd4 6. Nxd4 e5 7. Nb3 Be6 8. f4
exf4 9. Bxf4 Nc6 10. Nc3 Be7 11. Qd3 O-O 12. Rad1 Qc8 13. Bg5 Rd8 14. Bxf6 Bxf6
15. Rxf6 gxf6 16. Qf3 f5 17. Qf4 Qb8 18. Qg5+ Kf8 19. Qh6+ Ke8 20. Nc5 Ne7 21.
Qf6 Ng6 22. Nxe6 fxe6 23. Qxe6+ Kf8 24. Qf6+ Ke8 25. Bxd5 Qc7 26. Qxf5 Rd7 27.
Qe6+ Re7 28. Qg8+ Nf8 29. Rf1 Qc5+ 30. Kh1 Rd7 31. Ne4 1-0

[Event "4th Al Ain Chess Classic"]
[Site "Al-Ain UAE"]
[Date "2015.12.25"]
[Round "3.20"]
[White "Abdulov, Orkhan"]
[Black "Pantsulaia, Levan"]
[Result "0-1"]
[WhiteTitle "IM"]
[BlackTitle "GM"]
[WhiteElo "2356"]
[BlackElo "2598"]
[WhiteFideId "13402714"]
[BlackFideId "13602071"]
[EventDate "2015.12.23"]

1. e4 c6 2. d4 d5 3. Nc3 dxe4 4. Nxe4 Nf6 5. Nxf6+ gxf6 6. c3 Nd7 7. Nf3 Nb6 8.
g3 Bg4 9. Bg2 Qd7 10. Qe2 h5 11. Bf4 h4 12. h3 Bh5 13. g4 Bg6 14. O-O Qe6 15.
Qxe6 fxe6 16. Rfe1 Kf7 17. Bh2 a5 18. Re2 a4 19. a3 Nc4 20. Rae1 Ra5 21. Rxe6
Nxb2 22. Bc7 Rb5 23. Bf1 Bd3 24. Bxd3 Nxd3 25. R1e3 Rb2 26. Re2 Rxe2 27. Rxe2 e6
28. c4 b5 29. c5 Bh6 30. Rc2 Ra8 31. g5 Bxg5 32. Nxg5+ fxg5 33. Rc3 Nb2 34. Kf1
Nc4 35. Ke2 Kg6 36. Kd3 Rf8 37. Ke2 Rf7 38. Bh2 Rd7 39. Rd3 Rd5 40. Bc7 Kf5 41.
Rf3+ Ke4 42. Rf6 Kxd4 43. Rxe6 Kxc5 44. f4 Nxa3 45. fxg5 Rxg5 46. Kf1 0-1

[Event "4th Al Ain Chess Classic"]
[Site "Al-Ain UAE"]
[Date "2015.12.25"]
[Round "3.21"]
[White "Parligras, Mircea-Emilian"]
[Black "Das, Sayantan"]
[Result "1-0"]
[WhiteTitle "GM"]
[BlackTitle "IM"]
[WhiteElo "2586"]
[BlackElo "2411"]
[WhiteFideId "1204297"]
[BlackFideId "5034426"]
[EventDate "2015.12.23"]

1. d4 d5 2. c4 c6 3. Nf3 Nf6 4. Nc3 dxc4 5. a4 Bf5 6. Ne5 Nbd7 7. Nxc4 Nb6 8.
Ne5 a5 9. h4 e6 10. f3 h6 11. e4 Bh7 12. Be3 Nfd7 13. Nd3 Bd6 14. Qb3 Bg3+ 15.
Nf2 O-O 16. O-O-O Bxf2 17. Bxf2 Qe7 18. Bd3 Rac8 19. Bc2 Qd6 20. Kb1 Qc7 21. g4
c5 22. Qb5 cxd4 23. Rxd4 e5 24. Rd2 Nc5 25. Rhd1 Qc6 26. Qxc6 Rxc6 27. Rd6 Rxd6
28. Rxd6 Nbd7 29. Nd5 Re8 30. Nb6 Re6 31. Bxc5 Rxd6 32. Bxd6 Nxb6 33. Bxe5 Nd7
34. Bc7 b6 35. Ka2 Kf8 36. Kb3 h5 37. gxh5 f5 38. Kc4 1-0

[Event "4th Al Ain Chess Classic"]
[Site "Al-Ain UAE"]
[Date "2015.12.25"]
[Round "3.22"]
[White "Kulaots, Kaido"]
[Black "Mammadov, Zaur"]
[Result "1-0"]
[WhiteTitle "GM"]
[BlackTitle "GM"]
[WhiteElo "2574"]
[BlackElo "2467"]
[WhiteFideId "4500261"]
[BlackFideId "13401033"]
[EventDate "2015.12.23"]

1. d4 d5 2. c4 c6 3. Nc3 Nf6 4. Nf3 dxc4 5. a4 e6 6. e3 c5 7. Bxc4 Nc6 8. O-O
cxd4 9. exd4 Be7 10. Re1 O-O 11. Bb3 Nb4 12. Ne5 Bd7 13. h4 Bc6 14. h5 Rc8 15.
a5 Bd5 16. Nxd5 Nfxd5 17. Bd2 Bg5 18. Bxb4 Nxb4 19. Qg4 Nc2 20. Nxf7 Rxf7 21.
Qxe6 Qf8 22. Qf5 Nxa1 23. Bxf7+ Kh8 24. Rxa1 Bd2 25. Ra3 Rc1+ 26. Kh2 Rc6 27.
Rf3 Rf6 28. Qd5 Bf4+ 29. g3 Rxf7 30. Kg2 h6 31. gxf4 Rf5 32. Qxb7 Rxa5 33. d5 a6
34. Qd7 Rb5 35. Re3 Rb8 36. d6 Rd8 37. Qe7 Kg8 38. Re6 Rb8 39. d7 Qxe7 40. Rxe7
Kf8 41. Re3 Kf7 42. Kf3 Rd8 43. Rd3 g6 44. Kg4 gxh5+ 45. Kxh5 Kf6 46. Rd4 a5 47.
b3 Kf5 48. Kxh6 Kf6 49. Kh7 Kf7 50. Kh6 Kf6 51. Kh5 Ke7 52. Kg6 Rg8+ 53. Kh7 Rd8
54. Kg7 1-0

[Event "4th Al Ain Chess Classic"]
[Site "Al-Ain UAE"]
[Date "2015.12.25"]
[Round "3.23"]
[White "Arvola, Benjamin"]
[Black "Kryvoruchko, Yuriy"]
[Result "0-1"]
[WhiteTitle "FM"]
[BlackTitle "GM"]
[WhiteElo "2328"]
[BlackElo "2711"]
[WhiteFideId "1506536"]
[BlackFideId "14109182"]
[EventDate "2015.12.23"]

1. d4 Nf6 2. c4 e6 3. Nf3 b6 4. g3 Ba6 5. b3 Bb4+ 6. Bd2 Be7 7. Bg2 d5 8. Ne5
O-O 9. Bc3 Ne4 10. O-O Bb7 11. Bb2 Nd7 12. Nd2 Ndf6 13. Rc1 c5 14. cxd5 exd5 15.
Nxe4 dxe4 16. e3 Rc8 17. dxc5 Rxc5 18. Rxc5 Bxc5 19. Ng4 Nd5 20. Bxe4 Nxe3 21.
Bxh7+ Kxh7 22. Nxe3 Qg5 23. Qd7 Ba8 24. Rd1 Kg8 25. Qd3 Bf3 26. Rd2 Re8 27. Bd4
Bxd4 28. Qxd4 Rc8 29. h4 Rc1+ 30. Nf1 Qf5 31. g4 Rxf1+ 0-1

[Event "4th Al Ain Chess Classic"]
[Site "Al-Ain UAE"]
[Date "2015.12.25"]
[Round "3.24"]
[White "Motylev, Alexander"]
[Black "Kulkarni, Bhakti"]
[Result "1-0"]
[WhiteTitle "GM"]
[BlackTitle "CM"]
[WhiteElo "2653"]
[BlackElo "2328"]
[WhiteFideId "4121830"]
[BlackFideId "5019516"]
[EventDate "2015.12.23"]

1. e4 e6 2. d4 d5 3. Nc3 dxe4 4. Nxe4 Bd7 5. Nf3 Bc6 6. Bd3 Nd7 7. O-O Ngf6 8.
Ng3 Be7 9. c4 Bxf3 10. Qxf3 c6 11. Rd1 O-O 12. Bf4 Qb6 13. Rab1 a5 14. h4 Rfd8
15. h5 h6 16. Ne2 Rac8 17. Bc2 c5 18. d5 exd5 19. cxd5 Bd6 20. Ng3 Bxf4 21. Qxf4
Qb4 22. Qf3 Qg4 23. Qxg4 Nxg4 24. d6 Ngf6 25. Ba4 Kf8 26. Bb5 Ne5 27. Rbc1 c4
28. Rd4 Rc5 29. a4 Rd5 30. Rxd5 Nxd5 31. Ne4 Nf4 32. Rd1 Nfd3 33. Rd2 b6 34. f3
f5 35. Ng3 Rxd6 36. Nxf5 Rd5 37. Ne3 Rd4 38. Kh2 Rh4+ 39. Kg3 Rxh5 40. Bxc4 Rg5+
41. Kh2 Nf4 42. Bf1 Rg6 43. Bb5 Re6 44. Kg3 Nh5+ 45. Kf2 g6 46. Rd8+ Ke7 47. Rb8
Rd6 48. Rxb6 Rd2+ 49. Kg1 Rxb2 50. Nd5+ Kf8 51. Re6 Rb1+ 52. Kf2 Rb2+ 53. Ke3
Nf7 54. Rxg6 Ng7 55. Bd3 Ra2 56. Ra6 Ra3 57. Ra8+ Ne8 58. Nc7 Ke7 59. Rxe8+ Kd7
60. Re4 Nd6 61. Nb5 1-0

[Event "4th Al Ain Chess Classic"]
[Site "Al-Ain UAE"]
[Date "2015.12.25"]
[Round "3.25"]
[White "Oleksiyenko, Mykhaylo"]
[Black "Mammadova, Gulnar"]
[Result "1-0"]
[WhiteTitle "GM"]
[BlackTitle "WGM"]
[WhiteElo "2616"]
[BlackElo "2323"]
[WhiteFideId "4152417"]
[BlackFideId "13403508"]
[EventDate "2015.12.23"]

1. e4 g6 2. d4 Bg7 3. f4 d5 4. e5 c6 5. Nf3 Nh6 6. c3 Bg4 7. h3 Bxf3 8. Qxf3 f6
9. Bd3 O-O 10. exf6 exf6 11. f5 Nxf5 12. Bxf5 Re8+ 13. Kf2 gxf5 14. Qxf5 Nd7 15.
Nd2 Nf8 16. Nf3 Re4 17. Re1 Rxe1 18. Nxe1 Qe7 19. Nd3 Re8 20. Qh5 Qe4 21. Bf4
Qg6 22. Qf3 Ne6 23. Re1 Ng5 24. Rxe8+ Qxe8 25. Bxg5 fxg5 26. Nc5 b6 27. Nd3 Qe6
28. Qe3 Qxe3+ 29. Kxe3 a5 30. b4 Kf7 31. bxa5 bxa5 32. Nc5 Bf6 33. Nb7 a4 34.
Nc5 a3 35. g4 Be7 36. Nd3 Ke6 37. Kd2 Kd6 38. Kc2 Kc7 39. Kb3 Kb6 40. Ka4 Bd6
41. Nb4 Bf8 42. Kxa3 c5 43. Nxd5+ Kc6 44. c4 cxd4+ 45. Kb3 h6 46. Kc2 Kc5 47.
Kd3 1-0

[Event "4th Al Ain Chess Classic"]
[Site "Al-Ain UAE"]
[Date "2015.12.25"]
[Round "3.26"]
[White "Azarov, Sergei"]
[Black "Aradhya, Garg"]
[Result "1-0"]
[WhiteTitle "GM"]
[WhiteElo "2595"]
[BlackElo "2316"]
[WhiteFideId "13501470"]
[BlackFideId "25006746"]
[EventDate "2015.12.23"]

1. e4 e5 2. Nf3 Nc6 3. Bb5 a6 4. Ba4 d6 5. Bxc6+ bxc6 6. d4 exd4 7. Qxd4 Ne7 8.
Nc3 Ng6 9. Bg5 f6 10. Be3 Be6 11. Qa4 Bd7 12. O-O-O Be7 13. Qc4 Ne5 14. Nxe5
fxe5 15. f4 Bf6 16. f5 Qe7 17. g4 g5 18. Kb1 Qf7 19. Qb4 O-O 20. h4 Rfb8 21. Qa5
Qc4 22. hxg5 Be7 23. Rd3 d5 24. Qxc7 Qb4 25. b3 Rb7 26. Qxe5 Re8 27. Bd4 1-0

[Event "4th Al Ain Chess Classic"]
[Site "Al-Ain UAE"]
[Date "2015.12.25"]
[Round "3.27"]
[White "Morchiashvili, Bachana"]
[Black "Ghosh, Diptayan"]
[Result "0-1"]
[WhiteTitle "IM"]
[BlackTitle "IM"]
[WhiteElo "2326"]
[BlackElo "2550"]
[WhiteFideId "13602535"]
[BlackFideId "5045207"]
[EventDate "2015.12.23"]

1. d4 Nf6 2. c4 g6 3. Nc3 d5 4. Bg5 Bg7 5. Bxf6 Bxf6 6. cxd5 c5 7. dxc5 Nd7 8.
Rc1 Nxc5 9. b4 Nd7 10. e3 a5 11. b5 O-O 12. Nf3 Nb6 13. e4 Bg4 14. Be2 Bxf3 15.
Bxf3 Rc8 16. Ne2 Qd7 17. Rb1 Rc4 18. O-O Rfc8 19. g3 Ra4 20. Nf4 Rc3 21. Rb3 Qd6
22. Nd3 Rxa2 23. e5 Bxe5 24. Nxe5 Qxe5 25. Rxc3 Qxc3 26. d6 exd6 27. Qxd6 Qxf3
28. Qxb6 Kg7 29. Rc1 Rd2 30. Qc5 Qf6 31. Qe3 Rb2 32. Rc8 a4 33. Qc5 g5 34. Qf8+
Kg6 35. Qg8+ Kh6 36. Qf8+ Kh5 37. Qc5 Qf3 0-1

[Event "4th Al Ain Chess Classic"]
[Site "Al-Ain UAE"]
[Date "2015.12.25"]
[Round "3.28"]
[White "Gopal, G.N."]
[Black "Pirverdiyev, Agil"]
[Result "1/2-1/2"]
[WhiteTitle "GM"]
[WhiteElo "2525"]
[BlackElo "2311"]
[WhiteFideId "5015693"]
[BlackFideId "13400568"]
[EventDate "2015.12.23"]

1. e4 c5 2. Nf3 d6 3. d4 cxd4 4. Nxd4 Nf6 5. Nc3 a6 6. h3 e5 7. Nde2 b5 8. g4 b4
9. Nd5 Nxd5 10. exd5 h5 11. gxh5 Rxh5 12. a3 bxa3 13. Rxa3 Nd7 14. Bg2 Nf6 15.
c4 Rb8 16. Rc3 Be7 17. O-O Qc7 18. f4 Bd7 19. c5 e4 20. c6 Bc8 21. Ng3 Rxd5 22.
Qe2 Qb6+ 23. Kh2 Qb5 24. Re1 Rd4 25. Nxe4 Nxe4 26. Bxe4 Qxe2+ 27. Rxe2 Rbb4 28.
Bf3 Rdc4 29. Rce3 Be6 30. f5 Rxc1 31. fxe6 f5 32. Ra3 Rb6 33. Kg2 Bf6 34. b4 Ke7
35. Bd5 Bd4 36. Ra4 Rb5 37. Bf3 g6 38. Rxa6 Rxb4 39. Raa2 Rb5 40. Rac2 Rc5 41.
Rxc1 Rxc1 42. Bd5 Rc3 43. h4 1/2-1/2

[Event "4th Al Ain Chess Classic"]
[Site "Al-Ain UAE"]
[Date "2015.12.25"]
[Round "3.29"]
[White "Asadli, Vugar"]
[Black "Neverov, Valeriy"]
[Result "1-0"]
[WhiteTitle "FM"]
[BlackTitle "GM"]
[WhiteElo "2323"]
[BlackElo "2516"]
[WhiteFideId "13405764"]
[BlackFideId "14100150"]
[EventDate "2015.12.23"]

1. e4 c5 2. Nf3 d6 3. d4 cxd4 4. Nxd4 Nf6 5. Nc3 e6 6. g3 Be7 7. Bg2 O-O 8. O-O
Nc6 9. f4 d5 10. Nb3 a5 11. a4 Nb4 12. e5 Nd7 13. Be3 b6 14. Nb5 Ba6 15. c3 Nc6
16. c4 Nb4 17. cxd5 exd5 18. Bxd5 Rc8 19. Be4 Rc4 20. Nd2 Rc8 21. Nb3 Rc4 22.
Qb1 g6 23. Rd1 Qc8 24. Nd2 Bxb5 25. axb5 Rc7 26. Nf3 Nc5 27. Nd4 Nxe4 28. Qxe4
Bc5 29. Rd2 Rd8 30. Rad1 Rcd7 31. e6 fxe6 32. Qxe6+ Rf7 33. Kg2 Qd7 34. Qxd7
Rfxd7 35. Ne6 Rxd2+ 36. Rxd2 Rxd2+ 37. Bxd2 Be7 38. Bxb4 axb4 39. b3 Kf7 40. Nc7
Bd8 41. Nd5 Ke6 42. Ne3 Bf6 43. Kf3 Be7 44. Ke4 h5 45. h3 1-0

[Event "4th Al Ain Chess Classic"]
[Site "Al-Ain UAE"]
[Date "2015.12.25"]
[Round "3.30"]
[White "Libiszewski, Fabien"]
[Black "Hojjatova, Aydan"]
[Result "1-0"]
[WhiteTitle "GM"]
[BlackTitle "WFM"]
[WhiteElo "2515"]
[BlackElo "2288"]
[WhiteFideId "616834"]
[BlackFideId "13401491"]
[EventDate "2015.12.23"]

1. e4 e6 2. d4 d5 3. Nd2 c5 4. Ngf3 cxd4 5. Nxd4 Nc6 6. Nxc6 bxc6 7. Bd3 Bd6 8.
O-O Nf6 9. c4 O-O 10. Qc2 Qc7 11. h3 Rd8 12. b3 e5 13. Bb2 Bb4 14. cxd5 Bxd2 15.
Qxd2 cxd5 16. exd5 Nxd5 17. Rac1 Qe7 18. Rfe1 f6 19. f4 Be6 20. fxe5 f5 21. Bc4
Kh8 22. Qf2 Qg5 23. Kh2 Rf8 24. Bxd5 Bxd5 25. e6 Rae8 26. Rc7 Re7 27. h4 1-0

[Event "4th Al Ain Chess Classic"]
[Site "Al-Ain UAE"]
[Date "2015.12.25"]
[Round "3.31"]
[White "Safranska, Anda"]
[Black "Riff, Jean-Noel"]
[Result "0-1"]
[WhiteTitle "WGM"]
[BlackTitle "GM"]
[WhiteElo "2259"]
[BlackElo "2507"]
[WhiteFideId "11600209"]
[BlackFideId "611190"]
[EventDate "2015.12.23"]

1. e4 e6 2. Qe2 Nc6 3. Nf3 e5 4. c3 d5 5. d3 Nf6 6. Qc2 a5 7. Be2 h6 8. O-O Bc5
9. d4 exd4 10. cxd4 Bb6 11. e5 Ne4 12. Be3 O-O 13. Nc3 Bf5 14. Qc1 Qd7 15. Bb5
Qe6 16. Ne2 Ne7 17. Nf4 Qc8 18. Nd2 f6 19. Nxe4 Bxe4 20. Be2 fxe5 21. dxe5 d4
22. Qc4+ Kh8 23. Bd2 Nc6 24. e6 Ne5 25. Qb3 d3 26. Bxd3 a4 27. Qb5 Bxd3 28. Nxd3
Nxd3 29. Qxd3 Qxe6 30. Bc3 Rf5 31. Rae1 Qf7 32. Re2 Rf8 33. Qg3 Rd8 34. Qh4 Rd6
35. Qxa4 c6 36. Qc2 Rg6 37. Kh1 Rxg2 38. Re8+ Qxe8 39. Qxf5 Rg6 40. Qf4 Qe6 41.
Rd1 Bxf2 42. Qf3 0-1

[Event "4th Al Ain Chess Classic"]
[Site "Al-Ain UAE"]
[Date "2015.12.25"]
[Round "3.32"]
[White "Debashis, Das"]
[Black "Ismael, Namir Mohammed Ismael"]
[Result "1-0"]
[WhiteTitle "GM"]
[BlackTitle "CM"]
[WhiteElo "2505"]
[BlackElo "2254"]
[WhiteFideId "5024854"]
[BlackFideId "4800800"]
[EventDate "2015.12.23"]

1. d4 Nf6 2. c4 e5 3. dxe5 Ng4 4. Nf3 Bc5 5. e3 Nc6 6. Nc3 Ngxe5 7. Nxe5 Nxe5 8.
Be2 O-O 9. O-O Re8 10. b3 d6 11. Bb2 Bf5 12. Na4 Bb6 13. Nxb6 axb6 14. Qd4 Qf6
15. e4 Nd7 16. Qd2 Qe7 17. f3 Bg6 18. Bd3 f6 19. Bc2 Bf7 20. Rf2 Ne5 21. a4 Qd7
22. Re1 Re7 23. f4 Ng6 24. Re3 Kf8 25. Rh3 Bg8 26. e5 dxe5 27. Qxd7 Rxd7 28.
fxe5 Re8 29. exf6 Re1+ 30. Rf1 Rxf1+ 31. Kxf1 gxf6 32. Rf3 Bf7 33. Bxf6 Rd2 34.
Be4 c6 35. h4 Rd1+ 36. Kf2 Rh1 37. Kg3 Re1 38. Bf5 Kg8 39. Bc8 b5 40. h5 Ne5 41.
Rf5 Nd3 42. axb5 Rb1 43. Bxb7 Rxb3 44. Kh2 cxb5 45. cxb5 Be6 46. Rg5+ Kf8 47.
Bc6 Nf2 48. Bf3 h6 49. Bg7+ Kf7 50. Bxh6 Bc4 51. Rg7+ Kf6 52. Rg6+ Kf5 53. b6
Bf7 54. Rg5+ Kf6 55. b7 Nd3 56. Ra5 Ne5 57. Bg7+ 1-0

[Event "4th Al Ain Chess Classic"]
[Site "Al-Ain UAE"]
[Date "2015.12.25"]
[Round "3.33"]
[White "Abdulla, Khayala"]
[Black "Arencibia Rodriguez, Walter"]
[Result "1/2-1/2"]
[WhiteTitle "WGM"]
[BlackTitle "GM"]
[WhiteElo "2256"]
[BlackElo "2501"]
[WhiteFideId "13401807"]
[BlackFideId "3500012"]
[EventDate "2015.12.23"]

1. e4 c5 2. Nf3 Nc6 3. d4 cxd4 4. Nxd4 e5 5. Nb5 d6 6. c4 Be6 7. N1c3 a6 8. Na3
Be7 9. Be3 Bg5 10. Nc2 Bxe3 11. Nxe3 Nf6 12. Bd3 O-O 13. O-O Qb6 14. b3 Rfc8 15.
Rc1 Qa5 16. Bb1 Nd4 17. Ne2 Nxe2+ 18. Qxe2 b5 19. Rfd1 Qa3 20. Qd3 Rc6 21. Rc2
bxc4 22. Nxc4 Bxc4 23. Rxc4 Rxc4 24. Qxc4 Qc5 25. Qd3 Ne8 26. Qe2 Nc7 27. Bd3
Ne6 28. Bc4 Nd4 29. Qg4 g6 30. h4 a5 31. h5 Qc8 32. Qg5 Qd8 33. Qg3 Kg7 34. f4
f6 35. Kh2 Qe7 36. Rf1 Rf8 37. Qc3 f5 38. exf5 Rxf5 39. g4 Qh4+ 40. Qh3 Qxh3+
41. Kxh3 Rxf4 42. Rxf4 exf4 43. hxg6 Kxg6 44. a3 Nf3 45. Bd5 Ne5 46. b4 axb4 47.
axb4 Kg5 48. Be6 Kf6 49. Bd5 Kg5 50. Be6 Kf6 51. Bd5 Nd7 52. Be4 h6 53. Kh4 Ke5
54. Bg2 d5 55. b5 d4 56. Bf3 d3 57. g5 hxg5+ 58. Kxg5 Nb6 59. Kg4 Nd5 60. Kg5 d2
61. Kg4 Kd4 62. b6 Nxb6 63. Kxf4 Na4 64. Bd1 Nb2 65. Kf3 Kd3 66. Be2+ Kc2 67.
Kf2 Nd1+ 68. Kf1 Nc3 69. Bf3 Nd5 70. Be2 1/2-1/2

[Event "4th Al Ain Chess Classic"]
[Site "Al-Ain UAE"]
[Date "2015.12.25"]
[Round "3.34"]
[White "Deepan, Chakkravarthy J."]
[Black "Ashwath, R."]
[Result "1-0"]
[WhiteTitle "GM"]
[WhiteElo "2496"]
[BlackElo "2252"]
[WhiteFideId "5011132"]
[BlackFideId "5021049"]
[EventDate "2015.12.23"]

1. c4 e6 2. g3 Nf6 3. Bg2 d5 4. Nf3 dxc4 5. Qa4+ Nbd7 6. Qxc4 a6 7. O-O b5 8.
Qc2 Bb7 9. b3 Be7 10. Bb2 c5 11. d3 O-O 12. Nbd2 Qb6 13. Rac1 Rac8 14. Rfd1 Rfd8
15. Qb1 Qa7 16. Nf1 Nf8 17. Qa1 Qa8 18. Ne3 Ng6 19. a3 Qa7 20. Bc3 Qa8 21. b4
cxb4 22. axb4 Rd7 23. Be1 Rdc7 24. Rxc7 Rxc7 25. Rc1 Qc8 26. Rxc7 Qxc7 27. Bc3
Qc8 28. Nd2 Bxg2 29. Kxg2 Nf8 30. f3 N8d7 31. Ne4 Nxe4 32. fxe4 Bf8 33. h4 Nb6
34. h5 Na4 35. Bd2 h6 36. Qd4 Be7 37. Kf3 Bg5 38. Qd6 f5 39. exf5 exf5 40. Nd5
Qe8 41. Bxg5 Qxh5+ 42. Kf2 hxg5 43. Qe6+ Qf7 44. Ne7+ Kf8 45. Ng6+ Kg8 46. Qc8+
Kh7 47. Nf8+ Kh6 48. Qc6+ g6 49. Ne6 Qa7+ 50. e3 Kh7 51. Nxg5+ Kg7 52. Ne6+ Kf7
53. Nf4 Ke7 54. Nxg6+ Kf7 55. Nf4 1-0

[Event "4th Al Ain Chess Classic"]
[Site "Al-Ain UAE"]
[Date "2015.12.25"]
[Round "3.35"]
[White "Hayrapetyan, Hovik"]
[Black "Yogit, S"]
[Result "0-1"]
[WhiteTitle "GM"]
[WhiteElo "2489"]
[BlackElo "2239"]
[WhiteFideId "13302639"]
[BlackFideId "5009332"]
[EventDate "2015.12.23"]

1. d4 Nf6 2. Nf3 e6 3. c4 Bb4+ 4. Nbd2 b6 5. a3 Bxd2+ 6. Qxd2 Bb7 7. g3 d6 8.
Bg2 Nbd7 9. O-O Qe7 10. b4 O-O 11. Bb2 e5 12. d5 a5 13. Qc2 b5 14. e4 c6 15. Nh4
Rfc8 16. Bc3 bxc4 17. Nf5 Qf8 18. Rad1 axb4 19. Bxb4 c5 20. Bc3 Rxa3 21. f4 Rca8
22. Rb1 Bc8 23. Qc1 Rb3 24. Ra1 Rxa1 25. Qxa1 g6 26. Ne3 Qe7 27. Nxc4 Ba6 28.
Qxa6 Rxc3 29. Nxd6 exf4 30. gxf4 Ng4 31. h3 Ne3 32. Rf3 Rc1+ 33. Kh2 Nxg2 34.
Kxg2 Rc2+ 35. Kf1 Rc1+ 36. Kg2 Rc2+ 37. Kf1 Rc1+ 38. Ke2 Qh4 39. Qa8+ Kg7 40.
Qa5 Qe7 41. Kd2 Rb1 42. Qc3+ f6 43. Kc2 Rb4 44. e5 Rd4 45. Rg3 Rxf4 46. Re3 fxe5
47. Ne4 Qh4 48. Qd3 Nf6 49. Nxf6 Qxf6 50. Qb5 Qf5+ 51. Kc3 Rf1 52. Qd3 Qf4 53.
Kc2 Rf2+ 54. Kd1 Qa4+ 55. Ke1 Rf4 56. Qc3 Qd4 57. d6 Qxd6 58. Rxe5 Kh6 59. h4
Rd4 0-1

[Event "4th Al Ain Chess Classic"]
[Site "Al-Ain UAE"]
[Date "2015.12.25"]
[Round "3.36"]
[White "Sindarov, Javokhir"]
[Black "Mollah Abdullah, Al Rakib"]
[Result "0-1"]
[WhiteTitle "CM"]
[BlackTitle "GM"]
[WhiteElo "2224"]
[BlackElo "2472"]
[WhiteFideId "14205483"]
[BlackFideId "10200444"]
[EventDate "2015.12.23"]

1. e4 e5 2. Nf3 Nc6 3. d4 exd4 4. Nxd4 Bb4+ 5. c3 Bc5 6. Be3 Bb6 7. Nf5 g6 8.
Bxb6 axb6 9. Ne3 Nf6 10. f3 O-O 11. c4 Nh5 12. Qd2 d6 13. Nc3 Be6 14. O-O-O Ne5
15. g4 Ng7 16. Be2 b5 17. f4 Nxc4 18. Bxc4 Bxc4 19. Nxc4 bxc4 20. f5 Qh4 21.
Rhg1 Rfe8 22. Rg3 Re5 23. Qe3 h6 24. Kb1 Ne8 25. Qf3 Nf6 26. Rf1 Rf8 27. Ka1 c6
28. a3 b5 29. Qg2 b4 30. axb4 d5 31. exd5 Nxd5 32. Nxd5 cxd5 33. Qd2 Qf6 34.
Rgf3 g5 35. h4 Rfe8 36. hxg5 hxg5 37. R3f2 d4 38. Rh1 c3 39. bxc3 dxc3 40. Qc1
Re2 41. Rxe2 Rxe2 42. b5 Rd2 43. Kb1 Qd4 44. Qa3 Qe4+ 0-1

[Event "4th Al Ain Chess Classic"]
[Site "Al-Ain UAE"]
[Date "2015.12.25"]
[Round "3.37"]
[White "Jayakumaar S"]
[Black "Azaladze, Shota"]
[Result "1/2-1/2"]
[BlackTitle "IM"]
[WhiteElo "2169"]
[BlackElo "2468"]
[WhiteFideId "5090997"]
[BlackFideId "13603027"]
[EventDate "2015.12.23"]

1. e4 e6 2. d4 d5 3. Nc3 dxe4 4. Nxe4 Bd7 5. Nf3 Bc6 6. Bd3 Nd7 7. c3 Bxe4 8.
Bxe4 c6 9. Bc2 Bd6 10. Qe2 Qc7 11. Bg5 Ngf6 12. O-O-O Bf4+ 13. Kb1 Bxg5 14. Nxg5
h6 15. Ne4 O-O-O 16. g3 Kb8 17. f4 Nd5 18. c4 N5f6 19. Nc3 Nb6 20. b3 Rhe8 21.
Rhf1 a6 22. g4 g6 23. h3 Ka7 24. Qf2 Kb8 25. Qe3 Nbd7 26. g5 Nh5 27. Qf3 hxg5
28. fxg5 Ng3 29. Rfe1 Nb6 30. d5 exd5 31. Rxe8 Rxe8 32. cxd5 cxd5 33. Nxd5 Nxd5
34. Rxd5 Ne2 35. Rd3 Nf4 36. Rc3 Re1+ 37. Kb2 Qe5 38. Qg3 Re2 39. h4 a5 40. a3
Ka7 41. Qg1+ Ka6 42. Qg3 b5 43. b4 a4 44. Kb1 Re1+ 45. Kb2 Kb7 46. Qg4 Ne6 47.
Qf3+ Kb8 48. Qxf7 Re3 49. Qe8+ Kb7 50. Qc6+ Ka7 51. Qd7+ Kb8 52. Qc8+ Ka7 53.
Qd7+ Kb8 54. Qc8+ 1/2-1/2